000
00224nam a22001097a 4500
003
SGT
082
_a
346,BAR
100
_a
BARE,ACT
245
_a
DIVORCE ACT,1869
260
_a
NEW DELHI
_b
EASTERN BOOKS
_c
2015
942
_2
ddc
_c
BK
999
_c
11609
_d
11609